[Event "SK Königsspringer Iserlohn 1 - Oberhaus"]
[Site "Oberliga NRW 2016/2017"]
[Date "2016.09.25"]
[Round "1.5"]
[White "Kummerow, Heiko"]
[Black "Messarius, Juergen"]
[Result "1/2-1/2"]
[WhiteElo "2223"]
[BlackElo "2159"]
[PlyCount "50"]
[EventDate "2016.??.??"]
[WhiteTeam "Oberhausener SV 1"]
[BlackTeam "SK Königsspringer Iserlohn 1"]

1. e4 c5 2. Nf3 Nc6 3. d4 cxd4 4. Nxd4 Nf6 5. Nc3 e5 6. Ndb5 d6 7. Bg5 a6 8.
Na3 b5 9. Bxf6 gxf6 10. Nd5 Bg7 11. c3 f5 12. exf5 Bxf5 13. Nc2 O-O 14. Nce3
Be6 15. Bd3 f5 16. O-O e4 17. Nf4 Qd7 18. Nxe6 Qxe6 19. Bc2 Kh8 20. f4 Rad8 21.
Bb3 Qd7 22. Qd2 Ne7 23. Rad1 Qa7 24. Qf2 b4 25. c4 Bd4 1/2-1/2

[Event "SK Königsspringer Iserlohn 1 - Oberhaus"]
[Site "Oberliga NRW 2016/2017"]
[Date "2016.09.25"]
[Round "1.6"]
[White "Kind, Bertram"]
[Black "Stillger, Bernhard"]
[Result "1/2-1/2"]
[WhiteElo "2166"]
[BlackElo "2234"]
[PlyCount "49"]
[EventDate "2016.??.??"]
[WhiteTeam "SK Königsspringer Iserlohn 1"]
[BlackTeam "Oberhausener SV 1"]

1. e4 c5 2. Nc3 a6 3. f4 b5 4. Nf3 Bb7 5. d3 e6 6. Be2 d5 7. e5 Nc6 8. O-O Nge7
9. Qe1 h5 10. Nh4 g6 11. Qf2 Nf5 12. Nxf5 gxf5 13. Bd1 h4 14. Nb1 Qc7 15. c3 d4
16. Bf3 Rd8 17. Rd1 Be7 18. Na3 Na5 19. Nc2 Bxf3 20. Qxf3 Qc6 21. Ne1 h3 22. g3
Qxf3 23. Nxf3 Nc6 24. a4 b4 25. c4 1/2-1/2

[Event "SK Königsspringer Iserlohn 1 - Oberhaus"]
[Site "Oberliga NRW 2016/2017"]
[Date "2016.09.25"]
[Round "1.7"]
[White "Ciornei, Dragos"]
[Black "Klauke, Stefan"]
[Result "0-1"]
[WhiteElo "2124"]
[BlackElo "2109"]
[PlyCount "100"]
[EventDate "2016.??.??"]
[WhiteTeam "Oberhausener SV 1"]
[BlackTeam "SK Königsspringer Iserlohn 1"]

1. e4 c5 2. Nf3 Nf6 3. e5 Nd5 4. Nc3 e6 5. Nxd5 exd5 6. d4 Nc6 7. dxc5 Bxc5 8.
Qxd5 Qb6 9. Bc4 Bxf2+ 10. Ke2 O-O 11. Rf1 Bc5 12. Ng5 Nxe5 13. Nxf7 Nxf7 14.
Rxf7 Qe6+ 15. Qxe6 dxe6 16. Rxf8+ Kxf8 17. Bf4 Bd7 18. Bd3 g6 19. Be5 Rc8 20.
h4 Be7 21. Rf1+ Ke8 22. Bd4 Bc5 23. Be5 Be7 24. Bd4 Bc5 25. Bf6 Be7 26. Bxe7
Kxe7 27. Ke3 Rc5 28. Rf4 Bc6 29. g4 Bd7 30. g5 a5 31. Rc4 Re5+ 32. Kf4 Rb5 33.
b3 Rb6 34. Rc5 Rb4+ 35. Rc4 Rb6 36. a4 Kd6 37. Rd4+ Ke7 38. Ke5 Be8 39. Rc4 Rc6
40. Rxc6 Bxc6 41. Be4 Bxe4 42. Kxe4 Kd6 43. c3 b6 44. b4 b5 45. axb5 a4 46. Kd3
a3 47. Kc2 e5 48. c4 e4 49. c5+ Kc7 50. b6+ Kb7 0-1

[Event "SK Königsspringer Iserlohn 1 - Oberhaus"]
[Site "Oberliga NRW 2016/2017"]
[Date "2016.09.25"]
[Round "1.8"]
[White "Kramps, Rene"]
[Black "Voge, Andreas"]
[Result "1/2-1/2"]
[WhiteElo "2056"]
[BlackElo "2099"]
[PlyCount "49"]
[EventDate "2016.??.??"]
[WhiteTeam "SK Königsspringer Iserlohn 1"]
[BlackTeam "Oberhausener SV 1"]

1. d4 d5 2. Nf3 Nc6 3. Bf4 Bg4 4. e3 e6 5. c4 Bb4+ 6. Nc3 Nf6 7. Qb3 O-O 8. Ne5
Nxe5 9. Qxb4 Ng6 10. Bg5 h6 11. Bxf6 Qxf6 12. cxd5 e5 13. dxe5 Nxe5 14. Qd4
Rfe8 15. Be2 Bxe2 16. Nxe2 Qa6 17. Rd1 Rad8 18. Rd2 c6 19. Nc3 c5 20. Qh4 Nd3+
21. Kd1 Nxb2+ 22. Rxb2 Qd3+ 23. Rd2 Qxc3 24. Ke2 b5 25. Rhd1 1/2-1/2

[Event "SV Dinslaken 1 - DJK Aufwärts Aachen 2"]
[Site "Oberliga NRW 2016/2017"]
[Date "2016.09.25"]
[Round "1.1"]
[White "Godart, Francois"]
[Black "Sielecki, Christof"]
[Result "1/2-1/2"]
[WhiteElo "2357"]
[BlackElo "2389"]
[Annotator "Hausrath,Daniel"]
[PlyCount "78"]
[EventDate "2016.??.??"]
[WhiteTeam "DJK Aufwärts Aachen 2"]
[BlackTeam "SV Dinslaken 1"]

1. d4 Nf6 2. Nf3 c5 3. e3 g6 4. d5 Bg7 5. c4 e6 6. Nc3 exd5 7. cxd5 O-O 8. Bd3
d6 9. h3 a6 10. a4 Nbd7 11. O-O Rb8 12. e4 Nh5 13. Bg5 Bf6 14. Bh6 Ng7 15. Re1
Ne5 16. Nxe5 Bxe5 17. Qd2 f5 18. exf5 Bxf5 19. Bxf5 Rxf5 20. f4 Bd4+ 21. Kh2
Qh4 22. Bg5 Rxg5 23. fxg5 Nf5 24. Ne4 Be5+ 25. Kh1 Ng3+ 26. Nxg3 Qxg3 27. Rxe5
Qxe5 28. Re1 Qf5 29. Re6 Rf8 30. Kh2 b5 31. axb5 axb5 32. b3 Rc8 33. Re7 Rf8
34. Re6 Rc8 35. Re7 Kf8 36. Re6 Kg8 37. Re7 $11 Rf8 38. Re6 b4 39. Kg3 Rf7
1/2-1/2

[Event "SV Dinslaken 1 - DJK Aufwärts Aachen 2"]
[Site "Oberliga NRW 2016/2017"]
[Date "2016.09.25"]
[Round "1.2"]
[White "Tereick, Benjamin"]
[Black "Buscher, Michael"]
[Result "0-1"]
[WhiteElo "2405"]
[BlackElo "2362"]
[Annotator "Hausrath,Daniel"]
[PlyCount "106"]
[EventDate "2016.??.??"]
[WhiteTeam "SV Dinslaken 1"]
[BlackTeam "DJK Aufwärts Aachen 2"]

1. Nf3 d6 2. d4 f5 3. Nc3 Nf6 4. Bg5 d5 5. e3 Be6 6. Ne2 Nbd7 7. Nf4 Bf7 8. Ne5
e6 9. Nxf7 Kxf7 10. Be2 Bd6 11. c4 c6 12. O-O Qb8 13. h4 Ne4 14. Nh3 h6 15. Bf4
g5 16. Bxd6 Qxd6 17. Bd3 Rag8 18. cxd5 cxd5 19. Bxe4 dxe4 20. f4 exf3 21. Qxf3
g4 22. Qf4 Ke7 23. Qxd6+ Kxd6 24. Nf4 Rc8 $11 25. Rac1 Nf6 26. Ng6 Rhg8 27. Ne5
Kd5 28. Rc3 Rxc3 29. bxc3 Ke4 30. Rb1 Rg7 31. Kf2 Nd5 32. Nc4 g3+ 33. Ke1 Nxe3
34. Nxe3 Kxe3 35. Rb2 Rc7 36. Re2+ Kd3 37. Rxe6 Rxc3 38. Kd1 Kxd4 39. Rxh6 Ra3
40. Ke2 Ke4 41. Re6+ Kf4 42. h5 Rxa2+ 43. Kf1 Rf2+ 44. Kg1 Rc2 45. Kf1 Rc1+ 46.
Ke2 Rg1 47. h6 Rxg2+ 48. Kf1 Rh2 49. Re7 Rxh6 50. Rxb7 Ra6 51. Rb4+ Kf3 52.
Rb3+ Kg4 53. Kg2 Ra2+ 0-1

[Event "SV Dinslaken 1 - DJK Aufwärts Aachen 2"]
[Site "Oberliga NRW 2016/2017"]
[Date "2016.09.25"]
[Round "1.3"]
[White "Van Dooren, Dirk"]
[Black "Mundorf, Johannes"]
[Result "1-0"]
[WhiteElo "2289"]
[BlackElo "2207"]
[PlyCount "53"]
[EventDate "2016.??.??"]
[WhiteTeam "DJK Aufwärts Aachen 2"]
[BlackTeam "SV Dinslaken 1"]

1. e4 e6 2. d4 d5 3. exd5 exd5 4. Nf3 Nf6 5. Bd3 c5 6. O-O Be7 7. dxc5 O-O 8.
h3 Bxc5 9. Nc3 Nc6 10. Bg5 h6 11. Bh4 g5 12. Nxg5 hxg5 13. Bxg5 Kg7 14. Re1 Qd6
15. Qf3 Ne5 16. Bxf6+ Qxf6 17. Qxf6+ Kxf6 18. Nxd5+ Ke6 19. Nc7+ Kd6 20. Nxa8
Nxd3 21. cxd3 Be6 22. d4 Bb4 23. Re5 Rxa8 24. Rb5 a5 25. a3 Bd2 26. Rd1 Bh6 27.
d5 1-0

[Event "SV Dinslaken 1 - DJK Aufwärts Aachen 2"]
[Site "Oberliga NRW 2016/2017"]
[Date "2016.09.25"]
[Round "1.4"]
[White "Walter, Andreas"]
[Black "Skulener, Wladimir"]
[Result "1/2-1/2"]
[WhiteElo "2129"]
[BlackElo "2345"]
[PlyCount "28"]
[EventDate "2016.??.??"]
[WhiteTeam "SV Dinslaken 1"]
[BlackTeam "DJK Aufwärts Aachen 2"]

1. e4 Nf6 2. e5 Nd5 3. c4 Nb6 4. d4 d6 5. f4 Bf5 6. Nc3 e6 7. Be3 dxe5 8. fxe5
Bb4 9. Nf3 c5 10. Qb3 Nc6 11. dxc5 Nd7 12. O-O-O Qe7 13. Nb5 O-O 14. a3 Bxc5
1/2-1/2

[Event "SV Dinslaken 1 - DJK Aufwärts Aachen 2"]
[Site "Oberliga NRW 2016/2017"]
[Date "2016.09.25"]
[Round "1.5"]
[White "Gulbas, Cemil"]
[Black "Ossig, Rainer"]
[Result "1-0"]
[WhiteElo "2340"]
[BlackElo "2138"]
[PlyCount "57"]
[EventDate "2016.??.??"]
[WhiteTeam "DJK Aufwärts Aachen 2"]
[BlackTeam "SV Dinslaken 1"]

1. Nf3 c5 2. e4 Nc6 3. Bb5 g6 4. O-O Bg7 5. Re1 Qb6 6. Na3 Nf6 7. e5 Nd5 8. Bc4
Nc7 9. c3 O-O 10. Bf1 Ne6 11. Nc4 Qd8 12. d4 cxd4 13. cxd4 Na5 14. d5 Nxc4 15.
dxe6 Nb6 16. exf7+ Rxf7 17. Ng5 Rf8 18. Qb3+ e6 19. Qh3 h6 20. Ne4 Rf5 21. Nd6
Rh5 22. Qg3 g5 23. Qf3 Rh4 24. Qf7+ Kh8 25. Qg6 Qe7 26. Bd3 Kg8 27. f4 gxf4 28.
g3 fxg3 29. Qh7+ 1-0

[Event "SV Dinslaken 1 - DJK Aufwärts Aachen 2"]
[Site "Oberliga NRW 2016/2017"]
[Date "2016.09.25"]
[Round "1.6"]
[White "Hoenig, Alexander"]
[Black "Marcziter, Dmitrii"]
[Result "1/2-1/2"]
[WhiteElo "2133"]
[BlackElo "2254"]
[Annotator "Hausrath,Daniel"]
[PlyCount "60"]
[EventDate "2016.??.??"]
[WhiteTeam "SV Dinslaken 1"]
[BlackTeam "DJK Aufwärts Aachen 2"]

1. d4 d5 2. Nf3 c5 3. c3 Nc6 4. dxc5 a5 5. Na3 e5 6. Nb5 Nf6 7. Be3 Be7 8. a4
O-O 9. g3 Ne4 10. Bg2 Bxc5 11. Bxc5 Nxc5 12. O-O Be6 13. Nd2 Qb6 14. e4 dxe4
15. Bxe4 Rad8 16. Bc2 Rd7 17. Qe2 Qd8 18. Rfd1 Qe7 19. Nc4 f6 20. Nb6 Rdd8 21.
Nc4 $11 g6 22. Rxd8 Rxd8 23. Rd1 Rxd1+ 24. Bxd1 Kg7 25. Ncd6 f5 26. Qe3 b6 27.
b4 Nd7 28. Nc7 Bf7 29. Nxf7 Qxf7 30. b5 Nd8 1/2-1/2

[Event "SV Dinslaken 1 - DJK Aufwärts Aachen 2"]
[Site "Oberliga NRW 2016/2017"]
[Date "2016.09.25"]
[Round "1.7"]
[White "Lenaerts, Lennert"]
[Black "Borchert, Rene"]
[Result "1/2-1/2"]
[WhiteElo "2292"]
[BlackElo "2115"]
[PlyCount "54"]
[EventDate "2016.??.??"]
[WhiteTeam "DJK Aufwärts Aachen 2"]
[BlackTeam "SV Dinslaken 1"]

1. d4 d5 2. c4 e6 3. Nc3 Nf6 4. cxd5 exd5 5. Bg5 Be7 6. e3 O-O 7. Bd3 b6 8. Nf3
Nbd7 9. O-O Bb7 10. Qe2 Ne4 11. Bxe7 Qxe7 12. Ba6 Nxc3 13. bxc3 Bxa6 14. Qxa6
Qd6 15. a4 Nb8 16. Qd3 Nc6 17. Nd2 Na5 18. c4 Rfd8 19. c5 bxc5 20. Qb5 Nc6 21.
dxc5 Qe6 22. Nf3 Rab8 23. Qd3 Rb4 24. Rfd1 a5 25. h3 h6 26. Rdb1 Rdb8 27. Rd1
Rd8 1/2-1/2

[Event "SV Dinslaken 1 - DJK Aufwärts Aachen 2"]
[Site "Oberliga NRW 2016/2017"]
[Date "2016.09.25"]
[Round "1.8"]
[White "Cebulla, Konstantin"]
[Black "Juegel, Marcel"]
[Result "0-1"]
[WhiteElo "2050"]
[BlackElo "2188"]
[PlyCount "118"]
[EventDate "2016.??.??"]
[WhiteTeam "SV Dinslaken 1"]
[BlackTeam "DJK Aufwärts Aachen 2"]

1. d4 e6 2. c4 b6 3. Nf3 Bb7 4. a3 f5 5. Nc3 Nf6 6. d5 Na6 7. Bf4 Nh5 8. Bg5
Be7 9. Bxe7 Qxe7 10. e3 O-O 11. Be2 Nc5 12. b4 Ne4 13. Nxe4 fxe4 14. Nd4 Nf6
15. dxe6 dxe6 16. O-O Rad8 17. Qc2 Nd7 18. c5 Bd5 19. Bc4 Ne5 20. Bxd5 exd5 21.
Rac1 b5 22. a4 a6 23. axb5 axb5 24. Ra1 c6 25. Ra6 Rf6 26. f4 exf3 27. gxf3
Rdf8 28. f4 Ng4 29. Rf3 Rg6 30. Kh1 Qh4 31. Ra1 Re8 32. Nf5 Qf6 33. Rg1 Re4 34.
Nd6 Rxe3 35. Rxe3 Nxe3 36. Rxg6 hxg6 37. Qf2 Qe6 38. Qa2 Nf5 39. Nxf5 gxf5 40.
Qa8+ Kh7 41. Kg1 Qe3+ 42. Kg2 Qe2+ 43. Kg1 Qg4+ 44. Kh1 Qxf4 45. Kg2 Qe4+ 46.
Kf2 d4 47. Qd8 Qf4+ 48. Kg1 Qe3+ 49. Kf1 Qf3+ 50. Kg1 Qe4 51. Kf2 d3 52. Qd7
Qf4+ 53. Kg2 d2 54. h3 Qe4+ 55. Kf2 Qe1+ 56. Kg2 Qe2+ 57. Kg3 d1=Q 58. Qxf5+
Kh6 59. Qf4+ Kg6 0-1

[Event "SG Ennepe-Ruhr-Süd 1 - Godesberger SK 1"]
[Site "Oberliga NRW 2016/2017"]
[Date "2016.09.25"]
[Round "1.1"]
[White "Florstedt, Johannes"]
[Black "Lupor, Stefan"]
[Result "1/2-1/2"]
[WhiteElo "2229"]
[BlackElo "2283"]
[Annotator "Hausrath,Daniel"]
[PlyCount "70"]
[EventDate "2016.??.??"]
[WhiteTeam "Godesberger SK 1"]
[BlackTeam "SG Ennepe-Ruhr-Süd 1"]

1. e4 e5 2. Nf3 Nc6 3. Bb5 Nf6 4. O-O Nxe4 5. d4 Nd6 6. Bxc6 dxc6 7. dxe5 Nf5
8. Qxd8+ Kxd8 9. Rd1+ Ke8 10. h3 Be7 11. Nc3 h5 12. Bf4 Be6 13. Ng5 Rh6 14. Rd2
Rd8 15. Rxd8+ Kxd8 16. Re1 Bb4 17. Rd1+ Kc8 18. g4 hxg4 19. hxg4 Nh4 20. Rd3
Bxg4 21. Nxf7 Nf3+ 22. Rxf3 Bxf3 23. Nxh6 gxh6 24. Bxh6 Bxc3 25. bxc3 Kd7 26.
Kf1 Ke6 27. Bf4 Be4 28. Ke1 Bxc2 29. Kd2 $11 Bf5 30. Bg3 c5 31. f4 Kd5 32. Kc1
Kc4 33. Kb2 b5 34. a3 a5 35. e6 Bxe6 1/2-1/2

[Event "SG Ennepe-Ruhr-Süd 1 - Godesberger SK 1"]
[Site "Oberliga NRW 2016/2017"]
[Date "2016.09.25"]
[Round "1.2"]
[White "Lupor, André"]
[Black "Wecker, Martin"]
[Result "1-0"]
[WhiteElo "2189"]
[BlackElo "2138"]
[PlyCount "73"]
[EventDate "2016.??.??"]
[WhiteTeam "SG Ennepe-Ruhr-Süd 1"]
[BlackTeam "Godesberger SK 1"]

1. d4 Nf6 2. c4 e6 3. Nc3 Bb4 4. Qc2 O-O 5. a3 Bxc3+ 6. Qxc3 d5 7. Nf3 dxc4 8.
Qxc4 b6 9. Bg5 Ba6 10. Qa4 c5 11. dxc5 bxc5 12. Rc1 Qb6 13. Bxf6 gxf6 14. Rc2
Nc6 15. e3 Bxf1 16. Rxf1 Rac8 17. Ke2 Na5 18. Rd1 Rfd8 19. Rxd8+ Rxd8 20. b4
Qa6+ 21. Ke1 cxb4 22. axb4 Qd3 23. Rd2 Qb1+ 24. Ke2 Nb7 25. Rxd8+ Nxd8 26. Qe8+
Kg7 27. Qxd8 Qxb4 28. Qd4 Qb5+ 29. Qd3 Qb2+ 30. Nd2 Qe5 31. f4 Qh5+ 32. Nf3 a5
33. Qc4 Qg6 34. Kf2 Qb1 35. g4 Qa1 36. Qd4 Qa2+ 37. Kg3 1-0

[Event "SG Ennepe-Ruhr-Süd 1 - Godesberger SK 1"]
[Site "Oberliga NRW 2016/2017"]
[Date "2016.09.25"]
[Round "1.3"]
[White "Koehler, Christian Friedrich"]
[Black "Arndt, Stefan"]
[Result "1/2-1/2"]
[WhiteElo "2135"]
[BlackElo "2141"]
[Annotator "Hausrath,Daniel"]
[PlyCount "107"]
[EventDate "2016.??.??"]
[WhiteTeam "Godesberger SK 1"]
[BlackTeam "SG Ennepe-Ruhr-Süd 1"]

1. e4 e5 2. Nf3 Nc6 3. Bb5 a6 4. Ba4 d6 5. c3 f5 6. exf5 Bxf5 7. O-O Bd3 8. Re1
Be7 9. Bc2 Bxc2 10. Qxc2 Nf6 11. d4 e4 12. Ng5 d5 13. f3 h6 14. Nh3 O-O 15. Nd2
exf3 16. Nxf3 Rf7 17. Nf2 Qf8 18. Qg6 Bd6 19. Ng4 Nxg4 20. Qxg4 Qc8 21. Qxc8+
Rxc8 22. Bd2 Re7 23. Rxe7 Nxe7 $11 24. Re1 Kf7 25. Ne5+ Bxe5 26. Rxe5 c6 27.
Kf2 Ng6 28. Re1 Re8 29. Rxe8 Kxe8 30. Kf3 Kf7 31. Bf4 Ke6 32. g4 Ne7 33. h4 Ng8
34. h5 g5 35. hxg6 Kf6 36. g7 Kxg7 37. g5 h5 38. Bd6 Kg6 39. Kf4 h4 40. Kg4 h3
41. Bf4 Ne7 42. Kxh3 Kh5 43. Bc1 Nf5 44. Bf4 Ng7 45. Kg3 Nf5+ 46. Kf3 Nh4+ 47.
Ke2 Kg4 48. Bc1 Ng6 49. Kd3 Nf8 50. c4 Ne6 51. cxd5 cxd5 52. Kc3 Nxg5 53. Kb4
b6 54. Bxg5 1/2-1/2

[Event "SG Ennepe-Ruhr-Süd 1 - Godesberger SK 1"]
[Site "Oberliga NRW 2016/2017"]
[Date "2016.09.25"]
[Round "1.4"]
[White "Tripolsky, Eugen"]
[Black "Zupcevic, Samir"]
[Result "1/2-1/2"]
[WhiteElo "2195"]
[BlackElo "2104"]
[PlyCount "56"]
[EventDate "2016.??.??"]
[WhiteTeam "SG Ennepe-Ruhr-Süd 1"]
[BlackTeam "Godesberger SK 1"]

1. e4 e6 2. d4 d5 3. Nc3 Nf6 4. e5 Nfd7 5. Nf3 c5 6. Bg5 Qb6 7. dxc5 Bxc5 8.
Qd2 Bb4 9. a3 Qa5 10. Be2 Bxc3 11. bxc3 Nc6 12. Bf4 Nc5 13. c4 dxc4 14. Qxa5
Nxa5 15. Bd2 Nc6 16. Bxc4 O-O 17. O-O-O Ne4 18. Be3 b6 19. Kb2 Na5 20. Bd3 Bb7
21. Nd2 Nxd2 22. Bxd2 Rac8 23. Bxa5 bxa5 24. f3 Rc5 25. Rhe1 Rb8 26. Kc1 Bd5
27. Kd2 Rd8 28. Re3 Kf8 1/2-1/2

[Event "SG Ennepe-Ruhr-Süd 1 - Godesberger SK 1"]
[Site "Oberliga NRW 2016/2017"]
[Date "2016.09.25"]
[Round "1.6"]
[White "Osswald, Luis Monty"]
[Black "Hemmann, Arnold"]
[Result "1/2-1/2"]
[WhiteElo "2094"]
[BlackElo "2095"]
[PlyCount "43"]
[EventDate "2016.??.??"]
[WhiteTeam "SG Ennepe-Ruhr-Süd 1"]
[BlackTeam "Godesberger SK 1"]

1. e4 c5 2. Nf3 Nf6 3. Nc3 Nc6 4. d4 d5 5. exd5 Nxd5 6. Ne4 cxd4 7. Nxd4 Nc7 8.
Be3 Nxd4 9. Qxd4 Qxd4 10. Bxd4 f6 11. f4 b6 12. Be2 Bb7 13. Bf3 O-O-O 14. O-O-O
e6 15. a4 Be7 16. Bf2 Kb8 17. c3 h6 18. Bg3 Kc8 19. Bf2 Kb8 20. Bg3 Kc8 21. Bf2
Kb8 22. Bg3 1/2-1/2

[Event "SG Ennepe-Ruhr-Süd 1 - Godesberger SK 1"]
[Site "Oberliga NRW 2016/2017"]
[Date "2016.09.25"]
[Round "1.7"]
[White "Kummer, Wolfram"]
[Black "Bruchmann, Norbert"]
[Result "1-0"]
[WhiteElo "2054"]
[BlackElo "2029"]
[PlyCount "131"]
[EventDate "2016.??.??"]
[WhiteTeam "Godesberger SK 1"]
[BlackTeam "SG Ennepe-Ruhr-Süd 1"]

1. e4 e6 2. d4 d5 3. Nc3 Bb4 4. Nge2 Ne7 5. a3 Ba5 6. Ng3 Nbc6 7. e5 Bb6 8. Bb5
Bd7 9. Be3 a6 10. Be2 Ng6 11. Na2 f6 12. exf6 Qxf6 13. Nh5 Qf7 14. O-O Nce7 15.
c4 dxc4 16. Bxc4 Bc6 17. Nb4 Bd5 18. Nxd5 exd5 19. Qa4+ c6 20. Be2 O-O 21. Qb3
Ba5 22. Ng3 Rab8 23. Bh5 Qf6 24. Bxg6 Qxg6 25. Qd1 Nf5 26. Bf4 Rbe8 27. Nxf5
Qxf5 28. Be5 Rf7 29. f4 h5 30. Rf3 h4 31. Kh1 Re6 32. b4 Bd8 33. Qe2 Bb6 34.
Qd2 Rh6 35. Qc3 Rg6 36. Raf1 Qe4 37. Re1 Qf5 38. Ref1 Kh7 39. Rh3 Bd8 40. Rhf3
Bb6 41. Rh3 Qg4 42. Qf3 Bd8 43. Qxg4 Rxg4 44. Rhf3 Rf5 45. h3 Rg3 46. Kh2 Rxf3
47. Rxf3 Be7 48. g4 hxg3+ 49. Rxg3 g6 50. Rb3 Bh4 51. Kg2 Kg8 52. Kf3 Bd8 53.
Kg4 Rh5 54. a4 Rh4+ 55. Kg3 Rh7 56. b5 cxb5 57. axb5 a5 58. b6 Bh4+ 59. Kg4 Be1
60. Rb5 Rd7 61. Rb1 Bb4 62. Rc1 Kf7 63. f5 gxf5+ 64. Kxf5 Be7 65. Rc7 Ke8 66.
Ke6 1-0

[Event "SG Ennepe-Ruhr-Süd 1 - Godesberger SK 1"]
[Site "Oberliga NRW 2016/2017"]
[Date "2016.09.25"]
[Round "1.8"]
[White "Schaefer, Martin"]
[Black "Kutzner, Stephen"]
[Result "0-1"]
[WhiteElo "1920"]
[BlackElo "2009"]
[PlyCount "104"]
[EventDate "2016.??.??"]
[WhiteTeam "SG Ennepe-Ruhr-Süd 1"]
[BlackTeam "Godesberger SK 1"]

1. d4 Nf6 2. c4 g6 3. Nc3 d5 4. Bg5 Ne4 5. h4 Nxg5 6. hxg5 dxc4 7. e3 Bg7 8.
Bxc4 Nd7 9. Qb3 e6 10. f4 c6 11. Kf2 Qe7 12. Nf3 b5 13. Be2 a6 14. a4 Bb7 15.
Ne4 Nb6 16. Nc5 Nd5 17. axb5 cxb5 18. Bxb5+ axb5 19. Qxb5+ Kf8 20. Nd7+ Kg8 21.
Qxb7 Rd8 22. Ra8 h5 23. Rxd8+ Qxd8 24. Nfe5 Qe7 25. g4 Bxe5 26. dxe5 Kg7 27.
gxh5 Rd8 28. hxg6 Qxd7 29. Qxd7 Rxd7 30. gxf7 Rxf7 31. Rh6 Nc7 32. Ke2 Rf8 33.
Kd2 Rb8 34. Kc2 Rb4 35. Rh2 Nd5 36. Re2 Kg6 37. Kd3 Rb3+ 38. Ke4 Ne7 39. Kf3
Kf5 40. Kf2 Ke4 41. Rc2 Nf5 42. Rc4+ Kd5 43. Rc3 Rxb2+ 44. Kf3 Nh4+ 45. Kg4 Rh2
46. Rd3+ Ke4 47. Rd6 Nf5 48. g6 Nxd6 49. exd6 Rg2+ 50. Kh5 Kf5 51. Kh6 Rxg6+
52. Kh7 Rg1 0-1

[Event "SV Wattenscheid 1 - Bahn-SC Wuppertal 1"]
[Site "Oberliga NRW 2016/2017"]
[Date "2016.09.25"]
[Round "1.1"]
[White "Savchenko, Vyacheslav"]
[Black "Koscielski, Janusz"]
[Result "1/2-1/2"]
[WhiteElo "2332"]
[BlackElo "2270"]
[PlyCount "58"]
[EventDate "2016.??.??"]
[WhiteTeam "Bahn-SC Wuppertal 1"]
[BlackTeam "SV Wattenscheid 1"]

1. e4 c5 2. Nf3 d6 3. d4 cxd4 4. Nxd4 Nf6 5. Nc3 a6 6. f4 e5 7. Nf3 Nbd7 8. Bd3
Be7 9. O-O O-O 10. Kh1 b5 11. a3 Bb7 12. Qe1 Rc8 13. Bd2 Re8 14. fxe5 Nxe5 15.
Nxe5 dxe5 16. Qg3 Nd7 17. Rf3 f6 18. Qg4 Nc5 19. Rg3 Bf8 20. Rf1 Nxd3 21. Rxd3
Qb6 22. Rd1 Qe6 23. Qe2 Red8 24. Be3 Rxd3 25. Qxd3 Qc4 26. Qd7 Rc7 27. Qd8 Rc8
28. Qd7 Rc7 29. Qd8 Rc8 1/2-1/2

[Event "SV Wattenscheid 1 - Bahn-SC Wuppertal 1"]
[Site "Oberliga NRW 2016/2017"]
[Date "2016.09.25"]
[Round "1.2"]
[White "Thiel, Thomas"]
[Black "Savchenko, Aleksij"]
[Result "1/2-1/2"]
[WhiteElo "2261"]
[BlackElo "2238"]
[PlyCount "35"]
[EventDate "2016.??.??"]
[WhiteTeam "SV Wattenscheid 1"]
[BlackTeam "Bahn-SC Wuppertal 1"]

1. e4 d5 2. exd5 Qxd5 3. Nc3 Qd6 4. d4 a6 5. Nf3 Nf6 6. Ne5 Nc6 7. Nxc6 Qxc6 8.
d5 Qd6 9. Qf3 Bg4 10. Qf4 e5 11. dxe6 Qxe6+ 12. Be3 Bd6 13. Qa4+ Qd7 14. Bb5 c6
15. Be2 Bxe2 16. Nxe2 Qg4 17. Qxg4 Nxg4 18. O-O-O 1/2-1/2

[Event "SV Wattenscheid 1 - Bahn-SC Wuppertal 1"]
[Site "Oberliga NRW 2016/2017"]
[Date "2016.09.25"]
[Round "1.3"]
[White "Khanukov, Boris"]
[Black "Sandkamp, Ralph"]
[Result "0-1"]
[WhiteElo "2227"]
[BlackElo "2168"]
[PlyCount "108"]
[EventDate "2016.??.??"]
[WhiteTeam "Bahn-SC Wuppertal 1"]
[BlackTeam "SV Wattenscheid 1"]

1. d4 Nf6 2. c4 g6 3. Nc3 Bg7 4. e4 d6 5. Nf3 O-O 6. Be2 c5 7. O-O cxd4 8. Nxd4
Nc6 9. Be3 Bd7 10. Nc2 Rc8 11. f3 a6 12. Qd2 Ne5 13. Na3 Be6 14. Nd5 Nfd7 15.
Rac1 f5 16. Nf4 Bf7 17. exf5 gxf5 18. Rfd1 Kh8 19. b3 Rg8 20. Kh1 Nc6 21. Nc2
Qf8 22. Bf1 Rd8 23. Nb4 Ndb8 24. Ne2 Nxb4 25. Qxb4 Rd7 26. Nd4 e6 27. Bf2 Be5
28. Qd2 Qg7 29. f4 Bf6 30. Re1 Re8 31. Qe3 Rde7 32. Nf3 Nc6 33. Qd2 Rd8 34. Bh4
e5 35. Bxf6 Qxf6 36. Qc3 Kg7 37. fxe5 dxe5 38. Rcd1 e4 39. Qxf6+ Kxf6 40. Rxd8
Nxd8 41. Nd2 Rd7 42. Nb1 Ke5 43. Kg1 Ne6 44. g3 Bh5 45. Kf2 Nd4 46. Rc1 f4 47.
gxf4+ Kxf4 48. Rc3 Nf5 49. Bh3 Rd1 50. Bxf5 Rxb1 51. Bxh7 e3+ 52. Kg2 Bf3+ 53.
Kh3 Rb2 54. Bd3 Bg4+ 0-1

[Event "SV Wattenscheid 1 - Bahn-SC Wuppertal 1"]
[Site "Oberliga NRW 2016/2017"]
[Date "2016.09.25"]
[Round "1.4"]
[White "Kaehmann, Joerg"]
[Black "Bashilin, Roman"]
[Result "0-1"]
[WhiteElo "2186"]
[BlackElo "2208"]
[PlyCount "74"]
[EventDate "2016.??.??"]
[WhiteTeam "SV Wattenscheid 1"]
[BlackTeam "Bahn-SC Wuppertal 1"]

1. d4 d5 2. c4 Nc6 3. Nf3 Bg4 4. Nc3 Bxf3 5. exf3 dxc4 6. Be3 e6 7. Bxc4 Bd6 8.
d5 exd5 9. Qxd5 Qd7 10. O-O-O Nf6 11. Qg5 O-O 12. Ne4 Nxe4 13. fxe4 Rae8 14.
Bd5 Re5 15. Qh4 Nb4 16. f4 Nxd5 17. fxe5 Nxe3 18. Rd3 Qc6+ 19. Rc3 Bc5 20. Qg3
Qh6 21. Kb1 Bd4 22. Rd3 c5 23. b3 f5 24. exf6 Rxf6 25. Re1 Nf1 26. Qb8+ Rf8 27.
Qxb7 Qf4 28. Re2 Ne3 29. Rexe3 Bxe3 30. Rd7 Bd4 31. Qd5+ Kh8 32. Rd8 Qf1+ 33.
Kc2 Qxg2+ 34. Kd3 Qf3+ 35. Kc2 h6 36. Qa8 Qc3+ 37. Kd1 Qd3+ 0-1

[Event "SV Wattenscheid 1 - Bahn-SC Wuppertal 1"]
[Site "Oberliga NRW 2016/2017"]
[Date "2016.09.25"]
[Round "1.5"]
[White "Ries, Benjamin"]
[Black "Koerber, Matthias"]
[Result "0-1"]
[WhiteElo "2177"]
[BlackElo "2160"]
[Annotator "Hausrath,Daniel"]
[PlyCount "70"]
[EventDate "2016.??.??"]
[WhiteTeam "Bahn-SC Wuppertal 1"]
[BlackTeam "SV Wattenscheid 1"]

1. d4 d5 2. c4 c6 3. Nc3 Nf6 4. Nf3 a6 5. c5 Bf5 6. Qb3 Ra7 7. Bf4 Nbd7 8. h3
h6 9. e3 g5 10. Bh2 Bg7 11. Be2 O-O 12. O-O Re8 13. Rac1 Ne4 14. Rfd1 e5 15.
Nxe4 Bxe4 16. Qc3 Qe7 17. Re1 Raa8 $11 18. Nd2 Bf5 19. Nb3 Qf6 20. Qb4 Rab8 21.
Red1 Qg6 22. dxe5 Nxe5 23. Na5 Bf8 24. Bxe5 Rxe5 25. g4 Be4 26. f3 Bc2 27. Rd2
Bb1 28. Nxb7 Rxe3 29. Kf2 Re7 30. Bxa6 Bxa2 31. Qa4 Ra8 32. Nd6 Rea7 33. Qxa2
Bxd6 34. Bd3 Rxa2 35. Bxg6 Bf4 0-1

[Event "SV Wattenscheid 1 - Bahn-SC Wuppertal 1"]
[Site "Oberliga NRW 2016/2017"]
[Date "2016.09.25"]
[Round "1.6"]
[White "Hirsch, Stefan"]
[Black "Auer, Martin"]
[Result "1/2-1/2"]
[WhiteElo "2158"]
[BlackElo "2167"]
[PlyCount "79"]
[EventDate "2016.??.??"]
[WhiteTeam "SV Wattenscheid 1"]
[BlackTeam "Bahn-SC Wuppertal 1"]

1. e4 e6 2. Qe2 c5 3. g3 Nc6 4. Nf3 d6 5. Bg2 g6 6. O-O Bg7 7. c3 Nge7 8. Re1
O-O 9. d3 h6 10. Na3 e5 11. Nc2 Be6 12. h3 Qd7 13. Kh2 Rae8 14. b4 b6 15. b5
Na5 16. c4 a6 17. Na3 axb5 18. Nxb5 Ra8 19. Rb1 Nac6 20. a3 Qd8 21. Nc3 Bd7 22.
Nd5 Nxd5 23. cxd5 Na5 24. Nd2 b5 25. Nb3 Nxb3 26. Rxb3 Qc7 27. Bb2 Rfb8 28. Rc1
Qd8 29. h4 b4 30. axb4 Rxb4 31. Rxb4 cxb4 32. Rc4 b3 33. Rb4 Rb8 34. Qd2 Qc8
35. Rxb8 Qxb8 36. Bf3 Qb6 37. Bd1 Ba4 38. Kg2 h5 39. Qc3 Bf8 40. Qc4 1/2-1/2